000 01257nam a2200325 i 4500
003 EG-GICUC
005 20260121101646.0
008 260104s1995 ua ||||fr|||| 001 0 ara d
017 _a95/7215
020 _a977041428x
040 _a EG-GICUC
_bara
_c EG-GICUC
_d EG-GICUC
_erda
041 _aara
082 0 4 _a343.431
_bم د . ج
_221
092 0 4 _221
099 _aLaw1 10 343.431 م د . ج 1995 1006762
100 0 _aمدحت رمضان.
_eمؤلف.
245 1 0 _aجرائم الإرهاب في ضوء الأحكام الموضوعية والإجرائية للقانون الجنائي الدولي والداخلي :
_bدراسة مقارنة /
_cالدكتور مدحت رمضان.
264 1 _aالقاهرة :
_bدار النهضة العربية،
_c1995.
300 _a239 صفحة ؛
_c24 سم.
336 _2rda content
_atext
337 _2rda media
_aComputer
338 _2rda carrier
_aOnline Resource
504 _aيشتمل على ارجاعات ببليوجرافية.
546 _aالنص باللغة العربية
650 1 _aالتشريع الخاص بالإرهاب.
_2qrmak
651 1 _2qrmak
856 4 0 _uhttps://fll.law.cu.edu.eg/fulltext/bks/B10-06762.pdf
905 _a18
942 _2ddc
_n0
_cBK
_e21
999 _c54483
_d54483